Namenszusätze deutscher Städte #2 - Statistiken

Allgemein
  • Dieses Quiz wurde 76 mal gespielt
  • Das Durchschnittsergebnis liegt bei 11 aus 15
Antwortstatistiken
Hint Antwort % Korrekt
Freiburg im Breisgau
93%
Ludwigshafen am Rhein
91%
Rothenburg ob der Tauber
90%
Kempten (Allgäu)
88%
Brandenburg an der Havel
84%
Limburg an der Lahn
83%
Landsberg am Lech
78%
Buchholz in der Nordheide
59%
Bad Homburg vor der Höhe
59%
Waren (Müritz)
58%
Dillingen an der Donau
57%
Menden (Sauerland)
57%
Heppenheim (Bergstraße)
55%
Lingen (Ems)
55%
Neustadt am Rübenberge
46%
Keine übereinstimmenden Quizze gefunden
Verteilung der Resultate
Anzahl Personen mit jedem Resultat
Perzentil nach korrekt beantworteten Fragen
Ihre Resultats-Entwicklung
Sie haben dieses Quiz noch nicht gespielt